Rick James Discography - Statistics

General Stats
  • This quiz has been taken 5 times
  • The average score is 3 of 22
Answer Stats
Type Year Name % Correct
Album 1981 Street Songs
80%
Album 1979 Bustin' Out of L Seven
40%
Compilation 1994 Bustin' Out: The Best of Rick James
40%
Album 1983 Cold Blooded
40%
Album 1978 Come Get It!
40%
Album 1985 Glow
20%
Album 1986 The Flag
20%
Compilation 2000 The Millennium Collection: The Best of Rick James
20%
Album 1982 Throwin' Down
20%
Compilation 2002 Anthology
0%
Album 2007 Deeper Still
0%
Album 1979 Fire It Up
0%
Album 1980 Garden of Love
0%
Compilation 2005 Gold
0%
Compilation 2004 Greatest Hits
0%
Album 1989 Kickin'
0%
Compilation 1984 Reflections
0%
Compilation 2006 The Definitive Collection
0%
Compilation 2005 The Millennium Collection: The Best of Rick James, Vol. 2
0%
Compilation 1997 Ultimate Collection
0%
Album 1997 Urban Rapsody
0%
Album 1988 Wonderful
0%
No matching quizzes found
Score Distribution
Percent of People with Each Score
Percentile by Number Answered
Your Score History
You have not taken this quiz